| 000 | 01005nam a2200253 a 4500 | ||
|---|---|---|---|
| 001 | 83888 | ||
| 003 | BD-RjUL | ||
| 005 | 20240604110328.0 | ||
| 008 | 240604s2008 bg a|||| m||| 00| 0 eng d | ||
| 035 | _a(BD-RjUL)83888 | ||
| 040 |
_aBD-RjUL _beng _cBD-RjUL _dBD-RjUL |
||
| 041 | _aeng | ||
| 082 |
_223 _a631.8 _bHOF 2008 |
||
| 100 |
_aHossain, Md. Motaleb _913304 |
||
| 245 | 1 | 0 |
_aFarmers Attitude Towards Using Agrochemicals in Rice Cultivation / _cBy Md. Motaleb Hossain ; _6Supervisor : Md. Arifur Rahman, Co-Supervisor : M. Zulfikar Rahman |
| 260 |
_aRajshahi : _bInstitute of Bangladesh Studies, University of Rajshahi, _c2008 |
||
| 300 |
_axiii, 263 Leaves : _bill, ; _c29 cm. |
||
| 502 | _aThesis (Ph. D.) -- Institute of Bangladesh Studies, University of Rajshahi, 2008 | ||
| 504 | _aReferences : Leaves 220-239 | ||
| 650 |
_aRice Cultivation _vFertilizers _913305 |
||
| 700 |
_aRahman, Md. Arifur, Supervisor _93088 |
||
| 700 |
_aRahman, M. Zulfikar, Co-Supervisor _913306 |
||
| 942 |
_2ddc _cTHE |
||
| 999 |
_c83888 _d83888 |
||